000
00209 a2200097 4500
001
8451
090
_c
6818
_d
6818
100
_a
Daarebishiee, H
245
_a
Wordsworth the prelude (Transfered to SOA)
260
_b
Oxford
942
_a
NUST-CAE
999
_c
243524
_d
243524